01083 2200337 4500001002100000005001500021035002000036007000300056008004100059020002200100082001600122084001800138100003200156245011400188250003100302300004800333650002900381700002700410700004300437700003000480264003200510336002100542337003000563338002300593040002200616090002200638850001200660999002200672504002900694990002200723INLIS00000000088258920231018102552 a0010-1023000371ta231018s2023 yoia g | ind d a978-623-02-6847-204223a375.006 a375.006 NUR e0 aNur Ihsan Hl, H.ePengarang10aEvaluasi pembelajaran perspektif kurikulum merdeka /cH. Nur Ihsan Hl, Agus Nasir, I Gede Purwana Edi Saputra aCetakan Pertama: Juli 2023 aviii, 211 halaman :btabel, gambar ;c20 cm 4aPembelajaran--xEvaluasi0 aAgus NasirePenerjemah3 aI Gede Purwana Edi SaputraePenyunting0 aDhewiberta H.ePenyunting31aSleman :bDeepublish,c2023 2rdacontentateks 2rdamediaatanpa perantara 2rdacarrieravolume aYOPDYOGbinderda aCB-D.11 2023-2550 aYOPDYOG aCB-D.11/2023-2550 aBibliografi: halaman 211 aCB-D.11/2023-2550